Monggol Mogal and Manggus : Magus /

Elmentve itt :
Bibliográfiai részletek
Szerző: Serruys Henry
Dokumentumtípus: Cikk
Megjelent: Akadémiai Kiadó Budapest 1983
Sorozat:Acta Orientalia Academiae Scientiarum Hungaricae;Acta Orientalia Academiae Scientiarum Hungaricae : a Magyar Tudományos Akadémia orientalisztikai közleményei
Kulcsszavak:Mongol nyelv - etimológia
Tárgyszavak:
Online Access:http://misc.bibl.u-szeged.hu/64716
LEADER 00938nab a2200253 i 4500
001 misc64716
005 20240522112420.0
008 240227s1983 hu o 000 eng d
040 |a SZTE Miscellanea Repozitórium  |b hun 
041 |a eng 
041 |a mon 
041 |a tut 
100 1 |a Serruys Henry 
245 1 0 |a Monggol   |h [elektronikus dokumentum] :  |b Mogal and Manggus : Magus /  |c  Serruys Henry 
260 |a Akadémiai Kiadó  |b Budapest  |c 1983 
300 |a 475-484  |c 24 cm 
300 |a [10] p.  |c 24 cm 
490 0 |a Acta Orientalia Academiae Scientiarum Hungaricae;Acta Orientalia Academiae Scientiarum Hungaricae : a Magyar Tudományos Akadémia orientalisztikai közleményei 
561 |a Németh Gyula hagyaték 
591 |a NOA 5516 
650 4 |a Bölcsészettudományok 
650 4 |a Nyelvek és irodalom 
695 |a Mongol nyelv - etimológia 
856 4 0 |u http://misc.bibl.u-szeged.hu/64716/1/5516_noa.pdf  |z Dokumentum-elérés